Normal view MARC view
  • Ghani, Abdul (320981)

Entry Personal Name

Number of records used in: 1

001 - CONTROL NUMBER

  • control field: 118464

003 - CONTROL NUMBER IDENTIFIER

  • control field: NUST

005 - DATE AND TIME OF LATEST TRANSACTION

  • control field: 20231011100423.0

008 - FIXED-LENGTH DATA ELEMENTS

  • fixed length control field: 231011|| aca||aabn | a|a d

040 ## - CATALOGING SOURCE

  • Original cataloging agency: NUST
  • Transcribing agency: NUST

100 ## - HEADING--PERSONAL NAME

  • Personal name: Ghani, Abdul (320981)

670 ## - SOURCE DATA FOUND

  • Source citation: Work cat.: (NUST)603405: Ghani, Abdul (320981), Saliency Ratio Based Torque Enhancement of Switched Reluctance Motor for EV Application /
© 2023 Central Library, National University of Sciences and Technology. All Rights Reserved.